[Event "Benedictine op 5th"]
[Site "Manchester"]
[Date "1982.09.10"]
[Round "3"]
[White "Short, Nigel David"]
[Black "Grooten, Herman"]
[Result "1-0"]
[WhiteElo "2485"]
[BlackElo "2305"]
[PlyCount "81"]
[EventDate "1982.09.08"]
[EventType "swiss"]
[EventRounds "9"]
[EventCountry "ENG"]
[SourceTitle "Bulletin 1982"]

1. e4 c5 2. Nf3 d6 3. d4 cxd4 4. Nxd4 Nf6 5. Nc3 e6 6. g3 Nc6 7. Bg2 Bd7 8. a4
Be7 9. O-O O-O 10. Re1 Rc8 11. Ndb5 Be8 12. Bf4 e5 13. Bg5 Nxe4 14. Bxe7 Nxc3
15. Bxd8 Nxd1 16. Nxd6 Rxd8 17. Raxd1 Nd4 18. Nxe8 Rfxe8 19. c3 Nc6 20. Bxc6
bxc6 21. Rxd8 Rxd8 22. Rxe5 Kf8 23. Kf1 Rd6 24. Ke2 f6 25. Ra5 Rd7 26. b4 Ke7
27. Ra6 Rc7 28. Kd3 Kd8 29. h4 Kc8 30. Ra5 Kb7 31. Rh5 Rd7+ 32. Kc4 g6 33. Rh6
Rf7 34. f4 Rg7 35. a5 Kc7 36. Kc5 Kd7 37. c4 Kc7 38. a6 Kd7 39. h5 Kc7 40. hxg6
hxg6 41. Rh8 {Source: Bulletin 1982} 1-0

[Event "Benedictine op 5th"]
[Site "Manchester"]
[Date "1982.09.10"]
[Round "3"]
[White "Kudrin, Sergey"]
[Black "McNab, Colin Anderson"]
[Result "1-0"]
[WhiteElo "2480"]
[BlackElo "2360"]
[PlyCount "77"]
[EventDate "1982.09.08"]
[EventType "swiss"]
[EventRounds "9"]
[EventCountry "ENG"]
[SourceTitle "Bulletin 1982"]

1. e4 g6 2. d4 d6 3. Nc3 Bg7 4. Nge2 e5 5. dxe5 dxe5 6. Qxd8+ Kxd8 7. Bg5+ f6
8. O-O-O+ Nd7 9. Be3 Bh6 10. Nd5 Bxe3+ 11. Nxe3 c6 12. h4 h5 13. f4 Nh6 14. f5
gxf5 15. exf5 Ke7 16. Ng3 Nc5 17. Be2 Rg8 18. Rh3 Bd7 19. Bxh5 Be8 20. Be2 Bf7
21. a3 a5 22. Nh1 Bd5 23. g4 Bxh1 24. Rhxh1 Ne4 25. Rdg1 Nd6 26. Rf1 Nhf7 27.
Rhg1 Rh8 28. g5 Rxh4 29. gxf6+ Kxf6 30. Rg6+ Ke7 31. f6+ Kf8 32. Rfg1 Rh8 33.
Nc4 b5 34. Nxd6 Nxd6 35. Bg4 Kf7 36. Bd7 Rh1 37. Rg7+ Kxf6 38. R7g6+ Kf7 39.
Be6+ {Source: Bulletin 1982} 1-0

[Event "Benedictine op 5th"]
[Site "Manchester"]
[Date "1982.09.10"]
[Round "3"]
[White "Prie, Eric"]
[Black "Horner, Jeff"]
[Result "0-1"]
[WhiteElo "2205"]
[BlackElo "2360"]
[PlyCount "76"]
[EventDate "1982.09.08"]
[EventType "swiss"]
[EventRounds "9"]
[EventCountry "ENG"]
[SourceTitle "Bulletin 1982"]

1. Nf3 b5 2. e4 Bb7 3. Bxb5 Bxe4 4. d4 e6 5. O-O Nf6 6. c4 Be7 7. Nc3 Bf5 8. d5
O-O 9. Re1 h6 10. h3 Ne8 11. Nd4 Bg6 12. Qf3 Bf6 13. dxe6 fxe6 14. Nxe6 dxe6
15. Qxa8 Nd6 16. Be3 a6 17. Bxa6 Bxc3 18. bxc3 Be4 19. Qa7 Nc6 20. Qc5 Rf5 21.
Qa3 Ra5 22. Qb2 Rxa6 23. c5 Nf5 24. c4 Ra8 25. Bf4 Qd3 26. Rac1 Bxg2 27. Rc3
Qd4 28. Qd2 Qxd2 29. Bxd2 Nh4 30. Rg3 Nd4 31. Ree3 Ndf3+ 32. Rexf3 Nxf3+ 33.
Kxg2 Nxd2 34. Rd3 Nxc4 35. Rc3 Ra4 36. Kf1 Kf7 37. Rc2 e5 38. Ke2 Ke6 {Source:
Bulletin 1982} 0-1

[Event "Benedictine op 5th"]
[Site "Manchester"]
[Date "1982.09.10"]
[Round "3"]
[White "Holmes, Richard F"]
[Black "Pein, Malcolm"]
[Result "0-1"]
[WhiteElo "2240"]
[BlackElo "2245"]
[PlyCount "72"]
[EventDate "1982.09.08"]
[EventType "swiss"]
[EventRounds "9"]
[EventCountry "ENG"]
[SourceTitle "Bulletin 1982"]

1. e4 d6 2. f4 g6 3. Nf3 Bg7 4. g3 c5 5. Bg2 Nc6 6. c3 Bg4 7. h3 Bxf3 8. Qxf3
e6 9. O-O Nge7 10. d3 O-O 11. Be3 Rb8 12. Qf2 Qd7 13. d4 cxd4 14. cxd4 d5 15.
e5 f6 16. exf6 Bxf6 17. Nd2 Nf5 18. Nf3 Nb4 19. Rad1 Nxa2 20. g4 Nxe3 21. Qxe3
Nb4 22. h4 Rbe8 23. Bh3 Qd6 24. Rf2 Bd8 25. Ne5 Bxh4 26. Rg2 Bf6 27. Kh1 Nc6
28. Rh2 Bxe5 29. fxe5 Qd7 30. Bg2 Rf7 31. Rh6 Ref8 32. Rd3 Rf4 33. Qg1 R8f7 34.
Qd1 Qe7 35. Rdh3 Qg5 36. Qd3 Rxd4 {Source: Bulletin 1982} 0-1

[Event "Benedictine op 5th"]
[Site "Manchester"]
[Date "1982.09.10"]
[Round "3"]
[White "King, Daniel J"]
[Black "Upton, Timothy J"]
[Result "0-1"]
[WhiteElo "2430"]
[BlackElo "2295"]
[PlyCount "60"]
[EventDate "1982.09.08"]
[EventType "swiss"]
[EventRounds "9"]
[EventCountry "ENG"]
[SourceTitle "Bulletin 1982"]

1. e4 e5 2. Nf3 Nc6 3. Bb5 a6 4. Ba4 d6 5. Bxc6+ bxc6 6. d4 f6 7. Be3 Ne7 8. c4
g6 9. Nc3 Bg7 10. Qd2 O-O 11. h4 exd4 12. Nxd4 c5 13. Nde2 Be6 14. b3 f5 15.
Bh6 Bxh6 16. Qxh6 fxe4 17. Nxe4 Nf5 18. Qg5 Nd4 19. Nxd4 cxd4 20. O-O-O c5 21.
Rde1 Bf5 22. f3 a5 23. Qh6 a4 24. Ng5 Ra7 25. Ne6 Bxe6 26. Rxe6 axb3 27. axb3
Qa5 28. Rxg6+ hxg6 29. Qxg6+ Rg7 30. Qe6+ Kh7 {Source: Bulletin 1982} 0-1

[Event "Benedictine op 5th"]
[Site "Manchester"]
[Date "1982.09.10"]
[Round "3"]
[White "Popovych, Orest"]
[Black "Flear, Glenn C"]
[Result "1-0"]
[WhiteElo "2305"]
[BlackElo "2365"]
[PlyCount "51"]
[EventDate "1982.09.08"]
[EventType "swiss"]
[EventRounds "9"]
[EventCountry "ENG"]
[SourceTitle "Bulletin 1982"]

1. e4 e5 2. f4 exf4 3. Nf3 Be7 4. Bc4 Nf6 5. e5 Ng4 6. O-O Nc6 7. d4 d5 8. exd6
Bxd6 9. Qe2+ Kf8 10. Nc3 h6 11. Bd2 g5 12. Ne4 Bf5 13. Rae1 Bb4 14. c3 Be7 15.
b4 Nf6 16. Nexg5 hxg5 17. Nxg5 Bg6 18. Bxf4 Rh5 19. g4 Rh4 20. Bg3 Rh8 21. h4
Nxd4 22. cxd4 Qxd4+ 23. Kg2 Re8 24. Be5 Qd7 25. Bxf6 Qc6+ 26. Kh3 {Source:
Bulletin 1982} 1-0

[Event "Benedictine op 5th"]
[Site "Manchester"]
[Date "1982.09.10"]
[Round "3"]
[White "Kraidman, Yair"]
[Black "Britton, Richard"]
[Result "0-1"]
[WhiteElo "2435"]
[BlackElo "2320"]
[PlyCount "46"]
[EventDate "1982.09.08"]
[EventType "swiss"]
[EventRounds "9"]
[EventCountry "ENG"]
[SourceTitle "Bulletin 1982"]

1. d4 Nf6 2. c4 g6 3. Nc3 Bg7 4. e4 O-O 5. Be3 Nc6 6. f3 e5 7. d5 Nd4 8. Nge2
c5 9. dxc6 dxc6 10. Nxd4 exd4 11. Qxd4 Nd5 12. cxd5 Bxd4 13. Bxd4 Be6 14. Rd1
cxd5 15. exd5 Bxd5 16. Be3 Re8 17. Nxd5 Re5 18. Bc4 Qh4+ 19. g3 Qxc4 20. Nf6+
Kg7 21. Ng4 Re6 22. Kf2 Rae8 23. Rhe1 Qb4 {Source: Bulletin 1982} 0-1

[Event "Benedictine op 5th"]
[Site "Manchester"]
[Date "1982.09.10"]
[Round "3"]
[White "Behrhorst, Frank"]
[Black "Berg, Klaus"]
[Result "1-0"]
[WhiteElo "2250"]
[BlackElo "2335"]
[PlyCount "39"]
[EventDate "1982.09.08"]
[EventType "swiss"]
[EventRounds "9"]
[EventCountry "ENG"]
[SourceTitle "Bulletin 1982"]

1. d4 Nf6 2. c4 g6 3. Nc3 Bg7 4. e4 d6 5. f3 O-O 6. Bg5 a6 7. Qd2 Nc6 8. d5 Nb8
9. Nge2 c6 10. Nd4 b5 11. dxc6 e5 12. Nd5 Nxe4 13. fxe4 f6 14. c7 Qe8 15.
cxb8=Q Rxb8 16. Nc6 fxg5 17. Nxb8 Bb7 18. cxb5 axb5 19. O-O-O Qxb8 20. Bxb5 {
Source: Bulletin 1982} 1-0

[Event "Benedictine op 5th"]
[Site "Manchester"]
[Date "1982.09.11"]
[Round "4"]
[White "Motwani, Paul"]
[Black "Hebden, Mark L"]
[Result "1/2-1/2"]
[WhiteElo "2255"]
[BlackElo "2415"]
[PlyCount "94"]
[EventDate "1982.09.08"]
[EventType "swiss"]
[EventRounds "9"]
[EventCountry "ENG"]
[SourceTitle "Bulletin 1982"]

1. g3 e5 2. Bg2 Nc6 3. c4 d6 4. Nc3 Be6 5. Nd5 Nge7 6. e3 Qd7 7. Qa4 Rb8 8. d3
a6 9. Ne2 b5 10. Qd1 Nd8 11. O-O c6 12. Nxe7 Bxe7 13. b3 Bh3 14. Bb2 h5 15. f4
h4 16. Rf2 hxg3 17. Nxg3 Bh4 18. Bxh3 Qxh3 19. Qf3 exf4 20. Qxf4 Bxg3 21. Qxg3
Qxg3+ 22. hxg3 Ne6 23. Rh2 Rxh2 24. Kxh2 Kd7 25. Kg2 f6 26. Rh1 Ng5 27. Rh4 d5
28. cxd5 cxd5 29. Rh1 Re8 30. Kf2 Ne6 31. Rc1 Rh8 32. Kg2 Rh5 33. Rc2 Rg5 34.
Kf3 f5 35. Be5 Rh5 36. Kg2 g5 37. b4 g4 38. Bf4 Rh8 39. a4 bxa4 40. Ra2 Rc8 41.
Rxa4 Rc2+ 42. Kf1 Rc3 43. Ke2 Nxf4+ 44. exf4 Rc2+ 45. Kf1 Rd2 46. Rxa6 Rxd3 47.
Kf2 Rf3+ {Source: Bulletin 1982} 1/2-1/2

[Event "Benedictine op 5th"]
[Site "Manchester"]
[Date "1982.09.11"]
[Round "4"]
[White "Hodgson, Julian M"]
[Black "Kraidman, Yair"]
[Result "0-1"]
[WhiteElo "2385"]
[BlackElo "2435"]
[PlyCount "88"]
[EventDate "1982.09.08"]
[EventType "swiss"]
[EventRounds "9"]
[EventCountry "ENG"]
[SourceTitle "Bulletin 1982"]

1. Nf3 Nf6 2. b4 e6 3. a3 a5 4. b5 d5 5. e3 c5 6. bxc6 bxc6 7. c4 Bd6 8. d4 O-O
9. Bd3 Nbd7 10. Bb2 Rb8 11. Qc2 dxc4 12. Bxc4 c5 13. Nbd2 Bb7 14. dxc5 Nxc5 15.
O-O Qc7 16. Bxf6 gxf6 17. Rfc1 a4 18. Bd3 Kg7 19. Qc4 Rg8 20. Ne4 Bxe4 21. Bxe4
Nb3 22. Qxc7 Bxc7 23. Rxc7 Nxa1 24. h4 Rgc8 25. Ra7 Rc4 26. Nd4 Rb6 27. Bf3 Nb3
28. Bh5 Nxd4 29. exd4 Rxd4 30. g4 f5 31. Rxf7+ Kg8 32. Ra7 fxg4 33. Kg2 h6 34.
Bf7+ Kf8 35. h5 Rf4 36. Bg6 Rb2 37. Rh7 Rbxf2+ 38. Kg3 R2f3+ 39. Kg2 Rxa3 40.
Rxh6 Rb4 41. Rh8+ Kg7 42. Rh7+ Kg8 43. Rf7 Rb2+ 44. Kf1 Ra1+ {Source: Bulletin
1982} 0-1

[Event "Benedictine op 5th"]
[Site "Manchester"]
[Date "1982.09.11"]
[Round "4"]
[White "Britton, Richard"]
[Black "Kudrin, Sergey"]
[Result "0-1"]
[WhiteElo "2320"]
[BlackElo "2480"]
[PlyCount "84"]
[EventDate "1982.09.08"]
[EventType "swiss"]
[EventRounds "9"]
[EventCountry "ENG"]
[SourceTitle "Bulletin 1982"]

1. e4 c5 2. Nf3 d6 3. d4 cxd4 4. Nxd4 Nf6 5. Nc3 g6 6. Be3 Bg7 7. f3 O-O 8. Qd2
Nc6 9. g4 Be6 10. h4 d5 11. h5 Nxd4 12. Bxd4 dxe4 13. hxg6 fxg6 14. O-O-O Qa5
15. Qh2 Rad8 16. Bb5 a6 17. g5 Rxd4 18. Rxd4 Nh5 19. Rxe4 axb5 20. Rxe6 b4 21.
Nd1 Rd8 22. Kb1 Ra8 23. Re3 Qxa2+ 24. Kc1 Qd5 25. Rd3 Qxg5+ 26. Ne3 Bd4 27. f4
Qxf4 28. Qxf4 Nxf4 29. Rxd4 Ne2+ 30. Kd2 Nxd4 31. Kd3 Nc6 32. Kc4 Rf8 33. Re1
Rf2 34. b3 h5 35. Kc5 h4 36. Rh1 Re2 37. Rh3 g5 38. Kb6 Nd4 39. Kxb7 Nxc2 40.
Ng4 Kg7 41. Kb6 Kg6 42. Kc5 Kh5 {Source: Bulletin 1982} 0-1

[Event "Benedictine op 5th"]
[Site "Manchester"]
[Date "1982.09.11"]
[Round "4"]
[White "Pein, Malcolm"]
[Black "Forintos, Gyozo V"]
[Result "0-1"]
[WhiteElo "2245"]
[BlackElo "2410"]
[PlyCount "84"]
[EventDate "1982.09.08"]
[EventType "swiss"]
[EventRounds "9"]
[EventCountry "ENG"]
[SourceTitle "Bulletin 1982"]

1. Nf3 c5 2. c4 Nf6 3. Nc3 d5 4. cxd5 Nxd5 5. d4 Nxc3 6. bxc3 g6 7. e4 Bg7 8.
Bb5+ Nc6 9. O-O O-O 10. d5 Qa5 11. Rb1 Ne5 12. Nxe5 Bxe5 13. Bg5 Qc7 14. f4
Bxc3 15. Rc1 a6 16. Rxc3 axb5 17. Qd2 b4 18. Rcc1 b6 19. e5 Bf5 20. Rcd1 Qd7
21. Bh6 Rfd8 22. e6 Qe8 23. Qb2 f6 24. d6 Bxe6 25. Rfe1 Rxa2 26. Qb1 exd6 27.
Qe4 Bf7 28. Qf3 Qd7 29. f5 Ra3 30. Be3 Qxf5 31. Qc6 Qc8 32. Qxb6 Ra6 33. Qb5
Qc6 34. Qf1 Ra2 35. Bd2 d5 36. Re7 d4 37. Qf4 Qd6 38. Qe4 Rd7 39. Rxd7 Qxd7 40.
Qf4 Qd8 41. Rc1 g5 42. Qf2 c4 {Source: Bulletin 1982} 0-1

[Event "Benedictine op 5th"]
[Site "Manchester"]
[Date "1982.09.11"]
[Round "4"]
[White "McNab, Colin Anderson"]
[Black "Jacobs, Byron A"]
[Result "1-0"]
[WhiteElo "2360"]
[BlackElo "2205"]
[PlyCount "77"]
[EventDate "1982.09.08"]
[EventType "swiss"]
[EventRounds "9"]
[EventCountry "ENG"]
[SourceTitle "Bulletin 1982"]

1. c4 g6 2. g3 Bg7 3. Bg2 d6 4. d4 Nf6 5. Nf3 O-O 6. O-O Nc6 7. d5 Na5 8. Nbd2
c5 9. a3 b5 10. cxb5 Nxd5 11. Ng5 e6 12. e4 Nb6 13. h4 a6 14. bxa6 Bxa6 15. Re1
Rb8 16. Qc2 Nbc4 17. Nxc4 Bxc4 18. h5 d5 19. hxg6 hxg6 20. Rb1 Nb3 21. e5 Nd4
22. Qd1 Ba2 23. Ra1 Bb3 24. Qg4 Nc2 25. Qh4 Re8 26. Be3 d4 27. Qh7+ Kf8 28.
Nxf7 Kxf7 29. Bh6 Rg8 30. Re4 g5 31. Rg4 Nxa1 32. Bxg5 Bc2 33. Rf4+ Bf5 34.
Rxf5+ exf5 35. Qxf5+ Bf6 36. Bxf6 Qc8 37. Bd5+ Ke8 38. Qh5+ Kd7 39. Qf7# {
Source: Bulletin 1982} 1-0

[Event "Benedictine op 5th"]
[Site "Manchester"]
[Date "1982.09.11"]
[Round "4"]
[White "Leverett, Bruce W"]
[Black "Prie, Eric"]
[Result "0-1"]
[WhiteElo "2310"]
[BlackElo "2205"]
[PlyCount "76"]
[EventDate "1982.09.08"]
[EventType "swiss"]
[EventRounds "9"]
[EventCountry "ENG"]
[SourceTitle "Bulletin 1982"]

1. d4 e6 2. c4 b6 3. Nc3 Bb4 4. Nf3 Bb7 5. Bd2 Nf6 6. e3 O-O 7. Bd3 d5 8. O-O
c5 9. cxd5 exd5 10. a3 Bxc3 11. Bxc3 Ne4 12. Rc1 Nd7 13. b3 a5 14. Bb2 f5 15.
dxc5 bxc5 16. Bb5 f4 17. exf4 Rxf4 18. Bxd7 Qxd7 19. Ne5 Qd6 20. f3 Raf8 21.
Nd3 R4f5 22. Re1 Rh5 23. Be5 Qb6 24. fxe4 c4+ 25. Kh1 cxd3 26. Qxh5 d2 27. Qg4
Rf7 28. exd5 Qf2 29. Qd1 dxc1=Q 30. Qxc1 Bxd5 31. Rg1 h5 32. Bg3 Qe2 33. Qe1
Bxg2+ 34. Rxg2 Rf1+ 35. Qxf1 Qxf1+ 36. Rg1 Qf3+ 37. Rg2 Qxb3 38. Be5 Qb1+ {
Source: Bulletin 1982} 0-1

[Event "Benedictine op 5th"]
[Site "Manchester"]
[Date "1982.09.11"]
[Round "4"]
[White "Pytel, Krzysztof"]
[Black "Shipman, Walter"]
[Result "0-1"]
[WhiteElo "2405"]
[BlackElo "2345"]
[PlyCount "76"]
[EventDate "1982.09.08"]
[EventType "swiss"]
[EventRounds "9"]
[EventCountry "ENG"]
[SourceTitle "Bulletin 1982"]

1. d4 d5 2. c4 c6 3. Nf3 Nf6 4. Nc3 dxc4 5. a4 Na6 6. e4 Bg4 7. Be3 Qa5 8. Bd2
e6 9. Bxc4 Bb4 10. h3 Bh5 11. Qb3 Rd8 12. e5 Nd5 13. g4 Bg6 14. O-O Nac7 15.
Bg5 Rd7 16. Na2 h6 17. Be3 O-O 18. Nxb4 Qxb4 19. a5 Qxb3 20. Bxb3 a6 21. Nd2
Nb5 22. Nc4 Bd3 23. Rfd1 Bxc4 24. Bxc4 Rfd8 25. Rd3 Nb4 26. Rd2 Nxd4 27. Kg2
Ndc2 28. Rxd7 Rxd7 29. Rb1 Nxe3+ 30. fxe3 Nd3 31. Bxd3 Rxd3 32. Kf3 Rd5 33. e4
Rxe5 34. Rd1 Rxa5 35. Rd8+ Kh7 36. Rd7 Rb5 37. Rxf7 Kg6 38. Rf8 e5 {Source:
Bulletin 1982} 0-1

[Event "Benedictine op 5th"]
[Site "Manchester"]
[Date "1982.09.11"]
[Round "4"]
[White "Miles, Anthony J"]
[Black "Popovych, Orest"]
[Result "1-0"]
[WhiteElo "2565"]
[BlackElo "2305"]
[PlyCount "67"]
[EventDate "1982.09.08"]
[EventType "swiss"]
[EventRounds "9"]
[EventCountry "ENG"]
[SourceTitle "Bulletin 1982"]

1. d4 Nf6 2. Nc3 d5 3. Bg5 Nbd7 4. Nf3 g6 5. e3 Bg7 6. Bd3 O-O 7. O-O c5 8. Re1
b6 9. e4 dxe4 10. Nxe4 cxd4 11. Nxd4 Bb7 12. c3 Ne5 13. Bc2 Nxe4 14. Bxe4 Bxe4
15. Rxe4 Qd5 16. Qe2 f5 17. Re3 f4 18. Re4 f3 19. gxf3 Rf7 20. f4 Nc4 21. Ne6
Nd6 22. Re3 Rc8 23. Rd1 Qc6 24. Nxg7 Rxg7 25. Re6 Qa8 26. Bxe7 Nf5 27. Bd8 h5
28. c4 Kh7 29. Bf6 Rf7 30. Bc3 Rg8 31. Rd5 Qb7 32. Qe4 Qc8 33. h3 Kh6 34. Rxf5
{Source: Bulletin 1982} 1-0

[Event "Benedictine op 5th"]
[Site "Manchester"]
[Date "1982.09.11"]
[Round "4"]
[White "Ravikumar, Vaidyanathan"]
[Black "Casa, Alex"]
[Result "1-0"]
[WhiteElo "2395"]
[BlackElo "2230"]
[PlyCount "62"]
[EventDate "1982.09.08"]
[EventType "swiss"]
[EventRounds "9"]
[EventCountry "ENG"]
[SourceTitle "Bulletin 1982"]

1. d4 Nf6 2. c4 g6 3. Nc3 Bg7 4. e4 d6 5. Be2 O-O 6. Nf3 e5 7. d5 Nbd7 8. Bg5
h6 9. Bh4 a5 10. Nd2 Nc5 11. O-O Qe8 12. b3 Nh7 13. f3 f5 14. Qc2 h5 15. Bf2 b6
16. a3 Bh6 17. Rab1 Bxd2 18. Qxd2 f4 19. b4 axb4 20. axb4 Nb7 21. Nb5 Qf7 22.
Ra1 Rb8 23. Qa2 Nd8 24. c5 bxc5 25. bxc5 dxc5 26. Bxc5 Re8 27. Rfc1 g5 28. Bf2
Rb7 29. Qa5 g4 30. Rxc7 Rxc7 31. Qxc7 g3 {Source: Bulletin 1982} 1-0

[Event "Benedictine op 5th"]
[Site "Manchester"]
[Date "1982.09.11"]
[Round "4"]
[White "Van Mil, Johannes A J"]
[Black "Holmes, Richard F"]
[Result "1-0"]
[WhiteElo "2315"]
[BlackElo "2240"]
[PlyCount "51"]
[EventDate "1982.09.08"]
[EventType "swiss"]
[EventRounds "9"]
[EventCountry "ENG"]
[SourceTitle "Bulletin 1982"]

1. e4 c5 2. Nf3 d6 3. d4 cxd4 4. Nxd4 Nf6 5. Nc3 g6 6. Bc4 Bg7 7. h3 O-O 8. Bb3
a6 9. O-O Nbd7 10. Re1 Qc7 11. Bg5 Qc5 12. Qd2 Nb6 13. Rad1 Rd8 14. Nf3 e5 15.
Be3 Qc7 16. Bxb6 Qxb6 17. Nxe5 Be6 18. Nf3 Rac8 19. Qe3 Qa5 20. Nd4 Bxb3 21.
Nxb3 Qh5 22. Qb6 Nd7 23. Qxb7 Ne5 24. Rxd6 Re8 25. Qxa6 Nc4 26. Rc6 {Source:
Bulletin 1982} 1-0

[Event "Benedictine op 5th"]
[Site "Manchester"]
[Date "1982.09.11"]
[Round "4"]
[White "Upton, Timothy J"]
[Black "Filipowicz, Andrzej"]
[Result "1-0"]
[WhiteElo "2295"]
[BlackElo "2395"]
[PlyCount "43"]
[EventDate "1982.09.08"]
[EventType "swiss"]
[EventRounds "9"]
[EventCountry "ENG"]
[SourceTitle "Bulletin 1982"]

1. e4 c5 2. Nf3 e6 3. d4 cxd4 4. Nxd4 a6 5. Nc3 Qc7 6. Be2 Nf6 7. O-O Be7 8. f4
d6 9. Qe1 Nc6 10. Be3 Bd7 11. Qg3 h5 12. Bf3 h4 13. Qf2 Rc8 14. Rad1 b5 15. e5
Nxd4 16. Bxd4 dxe5 17. fxe5 Nh7 18. Bb7 Ng5 19. Bxc8 Bxc8 20. Ne4 Bb7 21. Nxg5
Bxg5 22. Bb6 {Source: Bulletin 1982} 1-0

[Event "Benedictine op 5th"]
[Site "Manchester"]
[Date "1982.09.12"]
[Round "5"]
[White "Sznapik, Aleksander"]
[Black "Horner, Jeff"]
[Result "0-1"]
[WhiteElo "2480"]
[BlackElo "2360"]
[PlyCount "124"]
[EventDate "1982.09.08"]
[EventType "swiss"]
[EventRounds "9"]
[EventCountry "ENG"]
[SourceTitle "Bulletin 1982"]

1. e4 e5 2. Nf3 Nc6 3. Bb5 a6 4. Ba4 d6 5. O-O Bd7 6. c4 Nf6 7. Nc3 Be7 8. d4
Nxd4 9. Nxd4 exd4 10. Bxd7+ Nxd7 11. Qxd4 Bf6 12. Qd3 O-O 13. Bd2 Re8 14. Rfe1
Nc5 15. Qc2 Bd4 16. b4 Ne6 17. Be3 Bxe3 18. Rxe3 Nd4 19. Qd3 Nc6 20. a3 Ne5 21.
Qe2 c6 22. f4 Ng6 23. Rf1 f6 24. Qh5 b5 25. Rh3 Nf8 26. c5 g6 27. Qh6 dxc5 28.
f5 Ra7 29. fxg6 Nxg6 30. Rg3 c4 31. h4 Rg7 32. h5 Qc7 33. Ne2 Ne5 34. Qxf6 Ng4
35. Qf5 Qa7+ 36. Kh1 Ne3 37. Rxe3 Qxe3 38. Nf4 Qxe4 39. Qc5 Qe7 40. Qxc6 Rf8
41. Qd5+ Kh8 42. h6 Rgf7 43. Qd4+ Kg8 44. g3 Qb7+ 45. Kg1 Qa7 46. Qxa7 Rxa7 47.
Rd1 Re8 48. Nd5 Kf7 49. Rf1+ Kg6 50. Rf6+ Kg5 51. Rc6 Rd7 52. Nf4 Rd1+ 53. Kg2
Rd2+ 54. Kh3 Re1 55. Ne6+ Kxh6 56. Kg4 Red1 57. Ng5+ Kg7 58. Ne4 Rd7 59. Rxa6
Re7 60. Nd6 Rd4+ 61. Kg5 h6+ 62. Kf5 c3 {Source: Bulletin 1982} 0-1

[Event "Benedictine op 5th"]
[Site "Manchester"]
[Date "1982.09.12"]
[Round "5"]
[White "Kraidman, Yair"]
[Black "Smith, Alan A"]
[Result "0-1"]
[WhiteElo "2435"]
[BlackElo "2245"]
[PlyCount "97"]
[EventDate "1982.09.08"]
[EventType "swiss"]
[EventRounds "9"]
[EventCountry "ENG"]
[SourceTitle "Bulletin 1982"]

1. d4 Nf6 2. c4 e6 3. Nf3 b6 4. g3 Bb4+ 5. Bd2 Bxd2+ 6. Nbxd2 Bb7 7. Bg2 c5 8.
O-O cxd4 9. Nb3 O-O 10. Rc1 d6 11. Nbxd4 a6 12. Qd2 Qc7 13. Rfd1 Rd8 14. Qe3
Nbd7 15. Ng5 Nf8 16. Ne4 Nxe4 17. Bxe4 Bxe4 18. Qxe4 Rac8 19. Rc3 Nd7 20. Nf3
Nf6 21. Qc2 Qb7 22. Rd4 b5 23. cxb5 Rxc3 24. Qxc3 Qxb5 25. Rc4 h6 26. Nd4 Qd5
27. Ra4 e5 28. Nc6 Qd1+ 29. Kg2 Re8 30. Qc4 e4 31. Ra3 d5 32. Qxa6 d4 33. Qa4
Qxe2 34. Nxd4 Qxb2 35. Rb3 Qd2 36. Nf5 Rd8 37. h3 Qd1 38. Qa5 Kh7 39. Ne7 Nd5
40. Qc5 e3 41. Nxd5 e2 42. Nf6+ Kh8 43. Re3 Qf1+ 44. Kf3 Qh1+ 45. Kg4 e1=Q 46.
Rxe1 Qxe1 47. Nh5 Qe2+ 48. f3 Qe6+ 49. Qf5 {Source: Bulletin 1982} 0-1

[Event "Benedictine op 5th"]
[Site "Manchester"]
[Date "1982.09.12"]
[Round "5"]
[White "Hebden, Mark L"]
[Black "McNab, Colin Anderson"]
[Result "0-1"]
[WhiteElo "2415"]
[BlackElo "2360"]
[PlyCount "92"]
[EventDate "1982.09.08"]
[EventType "swiss"]
[EventRounds "9"]
[EventCountry "ENG"]
[SourceTitle "Bulletin 1982"]

1. e4 g6 2. Nc3 Bg7 3. f4 d6 4. Nf3 Nf6 5. g3 Nc6 6. d3 e5 7. Bg2 Bg4 8. h3
Bxf3 9. Qxf3 exf4 10. gxf4 Nh5 11. O-O O-O 12. Nd5 Nd4 13. Qd1 c6 14. Ne3 Ne6
15. Nf5 Bxb2 16. Nh6+ Kg7 17. Bxb2+ Kxh6 18. Bc1 Qb6+ 19. Kh2 f5 20. exf5 gxf5
21. Bf3 Nf6 22. Qe1 Nd4 23. Bd1 Rae8 24. Qg3 Rg8 25. Qh4+ Kg7 26. Rg1+ Kf7 27.
Bh5+ Rg6 28. Ba3 Qa5 29. Bxg6+ hxg6 30. Qg3 Re2+ 31. Rg2 Rxg2+ 32. Qxg2 Qxa3
33. Rg1 Qc3 34. Kh1 Ke6 35. Qf2 Kf7 36. Qg3 Nxc2 37. Qxg6+ Ke6 38. Qg3 Qd4 39.
Rg2 Qd5 40. Kh2 Nd4 41. Qe3+ Kf7 42. a4 c5 43. a5 Qf3 44. Qxf3 Nxf3+ 45. Kg3
Nd4 46. Rb2 Nh5+ {Source: Bulletin 1982} 0-1

[Event "Benedictine op 5th"]
[Site "Manchester"]
[Date "1982.09.12"]
[Round "5"]
[White "Short, Nigel David"]
[Black "Thipsay, Praveen Mahadeo"]
[Result "1-0"]
[WhiteElo "2485"]
[BlackElo "2430"]
[PlyCount "71"]
[EventDate "1982.09.08"]
[EventType "swiss"]
[EventRounds "9"]
[EventCountry "ENG"]
[SourceTitle "Bulletin 1982"]

1. e4 e5 2. Nf3 Nc6 3. Bb5 a6 4. Ba4 Nf6 5. d3 b5 6. Bb3 Be7 7. O-O d6 8. a4
Rb8 9. h3 Na5 10. Ba2 c5 11. axb5 axb5 12. Ng5 O-O 13. f4 Nc6 14. Nc3 h6 15.
Nf3 exf4 16. Bxf4 Be6 17. Qd2 Qd7 18. Bb1 b4 19. Ne2 Ra8 20. Rxa8 Rxa8 21. Ng3
Nh7 22. c3 bxc3 23. bxc3 d5 24. d4 dxe4 25. Nxe4 cxd4 26. cxd4 Bd5 27. Nc5 Qa7
28. Be3 Rd8 29. Qf2 Nf8 30. Kh1 Qa3 31. Ne4 Ne6 32. Ng3 Bf6 33. Nh5 Bxd4 34.
Nxd4 Nexd4 35. Nxg7 Kxg7 36. Qg3+ {Source: Bulletin 1982} 1-0

[Event "Benedictine op 5th"]
[Site "Manchester"]
[Date "1982.09.12"]
[Round "5"]
[White "Banks, S Thomas"]
[Black "Tisdall, Jonathan D"]
[Result "0-1"]
[WhiteElo "2220"]
[BlackElo "2435"]
[PlyCount "68"]
[EventDate "1982.09.08"]
[EventType "swiss"]
[EventRounds "9"]
[EventCountry "ENG"]
[SourceTitle "Bulletin 1982"]

1. g3 Nf6 2. Bg2 d5 3. Nf3 c6 4. O-O Bf5 5. d3 h6 6. Nbd2 e6 7. a3 Qc7 8. b4 a5
9. Rb1 Nbd7 10. c4 Be7 11. b5 O-O 12. a4 Bh7 13. Qc2 Rfc8 14. bxc6 bxc6 15. Bb2
Bb4 16. Rfc1 Qd8 17. Ne5 Nxe5 18. Bxe5 Ng4 19. Ba1 Bc5 20. Rf1 Qe7 21. h3 Nf6
22. Nf3 Ne8 23. Qa2 Nd6 24. cxd5 cxd5 25. Nd4 Bg6 26. Nb5 Nf5 27. Rbc1 Bxf2+
28. Kxf2 Qg5 29. Rxc8+ Rxc8 30. Kg1 Qe3+ 31. Kh1 Nxg3+ 32. Kh2 Nxf1+ 33. Bxf1
Rc1 34. Qb2 Qf4+ {Source: Bulletin 1982} 0-1

[Event "Benedictine op 5th"]
[Site "Manchester"]
[Date "1982.09.12"]
[Round "5"]
[White "Levacic, Damir"]
[Black "Britton, Richard"]
[Result "1-0"]
[WhiteElo "2255"]
[BlackElo "2320"]
[PlyCount "61"]
[EventDate "1982.09.08"]
[EventType "swiss"]
[EventRounds "9"]
[EventCountry "ENG"]
[SourceTitle "Bulletin 1982"]

1. d4 Nf6 2. Nf3 g6 3. Bf4 Bg7 4. e3 O-O 5. Be2 c5 6. c3 b6 7. a4 d6 8. h3 a6
9. Nbd2 Bb7 10. O-O Nbd7 11. Bh2 Re8 12. Re1 d5 13. Ne5 Nxe5 14. Bxe5 Nd7 15.
Bxg7 Kxg7 16. f4 f6 17. Bg4 e5 18. dxe5 fxe5 19. Bxd7 Qxd7 20. Nc4 Rad8 21.
Nxe5 Qf5 22. Qg4 d4 23. Qxf5 gxf5 24. cxd4 cxd4 25. Rac1 Be4 26. Rc7+ Kg8 27.
exd4 Rxd4 28. Re3 Bd5 29. Rg3+ Kh8 30. Rd7 Rg8 31. Rxd5 {Source: Bulletin 1982}
1-0